|
|
|
|
| LEADER |
01221nam a2200325Ia 4500 |
| 001 |
EBC254009 |
| 003 |
MiAaPQ |
| 005 |
20200520144314.0 |
| 006 |
m o d | |
| 007 |
cr cn||||||||| |
| 008 |
000815s2005 enk s 000 0 eng d |
| 020 |
|
|
|z 1845447336
|
| 035 |
|
|
|a (MiAaPQ)EBC254009
|
| 035 |
|
|
|a (Au-PeEL)EBL254009
|
| 035 |
|
|
|a (CaPaEBR)ebr10103429
|
| 035 |
|
|
|a (CaONFJC)MIL50936
|
| 035 |
|
|
|a (OCoLC)232157405
|
| 040 |
|
|
|a MiAaPQ
|c MiAaPQ
|d MiAaPQ
|
| 050 |
|
4 |
|a HD30.3
|b .P65 2005
|
| 245 |
0 |
0 |
|a Politics and government in the age of the internet
|h [electronic resource] /
|c guest editor Caroline Auty.
|
| 260 |
|
|
|a Bradford, England :
|b Emerald Group Publishing,
|c c2005.
|
| 300 |
|
|
|a 86 p.
|
| 490 |
0 |
|
|a Aslib proceedings: new information perspectives ;
|v v.57, no. 4
|
| 533 |
|
|
|a Electronic reproduction. Ann Arbor, MI : ProQuest, 2015. Available via World Wide Web. Access may be limited to ProQuest affiliated libraries.
|
| 650 |
|
0 |
|a Information technology
|x Management.
|
| 650 |
|
0 |
|a Library science.
|
| 655 |
|
4 |
|a Electronic books.
|
| 700 |
1 |
|
|a Auty, Caroline.
|
| 710 |
2 |
|
|a ProQuest (Firm)
|
| 856 |
4 |
0 |
|u https://ebookcentral.proquest.com/lib/matrademy/detail.action?docID=254009
|z Click to View
|